[Event "Goldener Springer 2019"]
[Site "Frankfurt-Griesheim"]
[Date "2019.??.18"]
[Round "2"]
[White "Zuyev, Igor"]
[Black "Hankel, Dennis"]
[Result "1-0"]
[WhiteElo "2441"]
[BlackElo "2118"]
[PlyCount "93"]
[EventDate "2019.??.??"]
[WhiteTeam "SC Heusenstamm"]
[BlackTeam "SF Neuberg"]

1. e4 c6 2. d4 d5 3. exd5 cxd5 4. Bd3 Nc6 5. c3 Nf6 6. Bf4 Bg4 7. Qb3 Qd7 8.
Nd2 e6 9. Ngf3 Bxf3 10. Nxf3 Bd6 11. Bg3 O-O 12. O-O Rab8 13. Qc2 h6 14. Ne5
Qc7 15. f4 b5 16. Bh4 Be7 17. Qe2 b4 18. Rac1 Rfc8 19. Ba6 Nxd4 20. cxd4 Qxc1
21. Rxc1 Rxc1+ 22. Be1 b3 23. a4 Ne4 24. Qe3 Ra1 25. Bf1 Rc8 26. Nf3 Bf6 27. g4
Rcc1 28. h4 Rxe1 29. Nxe1 Bxh4 30. Nd3 Rd1 31. Kg2 g5 32. Be2 Rd2 33. fxg5 Bxg5
34. Qf3 Nd6 35. Nc5 Rxb2 36. Nxb3 Nc4 37. Nc5 Ne3+ 38. Kh3 Rb4 39. Qg3 Rb2 40.
Bb5 Nd1 41. Qf3 Ne3 42. Be8 f5 43. gxf5 exf5 44. Qh5 Nf1 45. Qf7+ Kh8 46. Qf8+
Kh7 47. Qxf5+ 1-0

[Event "Goldener Springer 2019"]
[Site "Frankfurt-Griesheim"]
[Date "2019.??.??"]
[Round "2"]
[White "Nagelsdiek, Ralf"]
[Black "Henrich, David"]
[Result "1/2-1/2"]
[WhiteElo "2021"]
[BlackElo "2178"]
[PlyCount "117"]
[EventDate "2019.??.??"]
[WhiteTeam "SK Bad Homburg"]
[BlackTeam "Frankfurter TV"]

1. Nf3 Nf6 2. c4 c5 3. Nc3 e6 4. g3 d5 5. cxd5 exd5 6. d4 Nc6 7. Bg2 Be7 8. O-O
O-O 9. b3 Ne4 10. Bb2 Bf6 11. e3 Nxc3 12. Bxc3 Bg4 13. Qd2 Bxf3 14. Bxf3 cxd4
15. Bxd4 Nxd4 16. exd4 Qb6 17. Rad1 a5 18. Bxd5 Rad8 19. Bc4 Bxd4 20. Qf4 Qf6
21. Qxf6 Bxf6 22. Rd5 Rxd5 23. Bxd5 b6 24. Rd1 Rd8 25. f3 Kf8 26. Kf2 b5 27.
Ke2 Rc8 28. Be4 a4 29. Rd7 axb3 30. axb3 b4 31. Rb7 Bc3 32. Bd5 Re8+ 33. Kd3
Re7 34. Rb8+ Re8 35. Rxe8+ Kxe8 36. h4 Be1 37. g4 Bxh4 38. Ke4 Ke7 39. f4 h6
40. f5 Kf6 41. Kf3 Be1 42. Bc6 g5 43. Bd5 Ke7 44. Bc4 f6 45. Be6 Kd6 46. Bf7
Ke5 47. Bh5 Kd4 48. Bf7 Bc3 49. Bc4 Be1 50. Bf7 Kd3 51. Bc4+ Kd2 52. Bb5 Kc2
53. Bc4 Bc3 54. Bd5 Kd3 55. Bf7 Kd4 56. Bc4 Ke5 57. Bf7 Bd4 58. Be6 Bb2 59. Bf7
1/2-1/2

[Event "Goldener Springer 2019"]
[Site "Frankfurt-Griesheim"]
[Date "2019.??.??"]
[Round "2"]
[White "Stuhlmann, Florian"]
[Black "Urbach, Jens"]
[Result "1-0"]
[WhiteElo "1851"]
[BlackElo "1508"]
[PlyCount "37"]
[EventDate "2019.??.??"]
[WhiteTeam "SC Lindenholzhausen"]
[BlackTeam "SF Frankfurt"]

1. d4 d5 2. c4 c6 3. Nc3 dxc4 4. a4 a5 5. e4 e6 6. Bxc4 Bb4 7. Nf3 h6 8. O-O
Bxc3 9. bxc3 Nf6 10. Re1 O-O 11. Qd3 Nbd7 12. e5 Nd5 13. Bb3 f6 14. Bxh6 Qe7
15. exf6 N7xf6 16. Bc1 b6 17. Ne5 Ba6 18. Qh3 Bb7 19. Ng6 1-0

[Event "Goldener Springer 2019"]
[Site "Frankfurt-Griesheim"]
[Date "2019.??.??"]
[Round "2"]
[White "Stock, Juergen"]
[Black "Emig, Nils"]
[Result "1/2-1/2"]
[WhiteElo "1942"]
[BlackElo "1744"]
[PlyCount "109"]
[EventDate "2019.??.??"]
[WhiteTeam "Sfr. Kelkheim"]
[BlackTeam "SK Marburg"]

1. d4 Nf6 2. c3 g6 3. Bg5 Bg7 4. Nd2 d6 5. e3 Nbd7 6. f4 O-O 7. Bc4 e5 8. fxe5
dxe5 9. Ngf3 exd4 10. cxd4 Nb6 11. O-O Nxc4 12. Nxc4 Qd5 13. Nce5 Nd7 14. Ng4
f6 15. Bf4 c5 16. dxc5 Qxd1 17. Raxd1 Nxc5 18. Bd6 Bxg4 19. Bxc5 Rfc8 20. Bd4
Rc2 21. Rc1 Rac8 22. Rxc2 Rxc2 23. Ne1 Rc1 24. Nd3 Rc2 25. Nb4 Rc4 26. Nd5 f5
27. b3 Rc2 28. Nb4 Rd2 29. Bxg7 Kxg7 30. Rc1 a5 31. Rc7+ Kh6 32. Nc2 Rd1+ 33.
Kf2 Rc1 34. Rc4 b5 35. Rc6 Bd1 36. Nd4 Rxc6 37. Nxc6 a4 38. Nd4 b4 39. Ke1 axb3
40. axb3 Bh5 41. Kd2 Kg7 42. Ne6+ Kh6 43. Nf4 g5 44. Nxh5 Kxh5 45. Kd3 f4 46.
exf4 gxf4 47. Kc4 Kg4 48. Kxb4 h5 49. Kc3 h4 50. b4 h3 51. gxh3+ Kxh3 52. b5 f3
53. b6 f2 54. b7 f1=Q 55. b8=Q 1/2-1/2

[Event "Goldener Springer 2019"]
[Site "Frankfurt-Griesheim"]
[Date "2019.??.??"]
[Round "2"]
[White "Rutsatz, Mario"]
[Black "Pessotschinski, Eduard"]
[Result "1-0"]
[WhiteElo "2017"]
[BlackElo "1414"]
[PlyCount "39"]
[EventDate "2019.??.??"]
[WhiteTeam "SF Frankfurt"]
[BlackTeam "TuS Makkabi"]

1. d4 Nf6 2. Bg5 g6 3. Nc3 Bg7 4. e4 d6 5. Qd2 Nc6 6. O-O-O O-O 7. h4 h5 8. f3
Nh7 9. Bh6 Re8 10. Bxg7 Kxg7 11. g4 hxg4 12. h5 g5 13. f4 e6 14. Be2 f5 15. h6+
Kg6 16. exf5+ exf5 17. Bb5 Bd7 18. Qh2 Qe7 19. Qh5+ Kf6 20. Nd5+ 1-0

[Event "Goldener Springer 2019"]
[Site "Frankfurt-Griesheim"]
[Date "2019.??.??"]
[Round "2"]
[White "Weiland, Thomas"]
[Black "Pessotschinski, Lars"]
[Result "1-0"]
[WhiteElo "1800"]
[BlackElo "1563"]
[PlyCount "55"]
[EventDate "2019.??.??"]
[WhiteTeam "SV Oberursel"]
[BlackTeam "TuS Makkabi"]

1. c4 Nf6 2. d4 g6 3. Nf3 Bg7 4. Nc3 O-O 5. g3 d6 6. Bg2 Nc6 7. O-O Bf5 8. Nh4
Bd7 9. Nf3 Re8 10. e4 e5 11. d5 Ne7 12. h3 Qc8 13. Kh2 c6 14. Ng1 cxd5 15. cxd5
Qc7 16. Be3 Nc8 17. Rc1 Qd8 18. Qd2 Nb6 19. b3 Nc8 20. Bh6 Ne7 21. Bxg7 Kxg7
22. f4 exf4 23. Qxf4 Qb6 24. Qxf6+ Kg8 25. Nf3 Rac8 26. Ng5 Rf8 27. Nxf7 Rce8
28. Nh6# 1-0

[Event "Goldener Springer 2019"]
[Site "Frankfurt-Griesheim"]
[Date "2019.??.??"]
[Round "2"]
[White "Staiger, Frank"]
[Black "Keller, Peter"]
[Result "1/2-1/2"]
[WhiteElo "2315"]
[BlackElo "2193"]
[PlyCount "72"]
[EventDate "2019.??.??"]
[WhiteTeam "Sfr. Kelkheim"]
[BlackTeam "Frankfurter TV"]

1. d4 d5 2. Nf3 Nf6 3. c4 c6 4. e3 Bf5 5. Nc3 a6 6. Bd3 Bxd3 7. Qxd3 e6 8. O-O
Be7 9. Rd1 b5 10. b3 O-O 11. e4 b4 12. e5 bxc3 13. exf6 Bxf6 14. Ba3 Re8 15.
Qxc3 Nd7 16. Rac1 a5 17. Qd3 a4 18. Bd6 axb3 19. axb3 Qb6 20. b4 Rec8 21. g3
Qb7 22. Rb1 Nb6 23. Nd2 dxc4 24. Nxc4 Nxc4 25. Qxc4 Rd8 26. Bc5 g6 27. Ra1 Qd7
28. Ra5 Rab8 29. Rd3 Rb7 30. Ra6 Kg7 31. Bb6 Rdb8 32. Ba5 Rc8 33. Bb6 Rcb8 34.
Bc5 Rd8 35. Bb6 Rdb8 36. Bc5 Rd8 1/2-1/2

[Event "Goldener Springer 2019"]
[Site "Frankfurt-Griesheim"]
[Date "2019.??.??"]
[Round "2"]
[White "Kolker, Vladislav"]
[Black "Hebauf, Markus"]
[Result "1-0"]
[WhiteElo "2010"]
[BlackElo "1574"]
[PlyCount "68"]
[EventDate "2019.??.??"]
[WhiteTeam "SC Bad Nauheim"]
[BlackTeam "Kelkheim"]

1. e4 c5 2. Nf3 Nc6 3. d4 cxd4 4. Nxd4 e6 5. Nc3 a6 6. Be3 Qc7 7. Bd3 d6 8. f4
Nf6 9. Qf3 Be7 10. O-O Bd7 11. f5 e5 12. Nde2 Nb4 13. g4 h6 14. a3 Nxd3 15.
cxd3 Bc6 16. Rfc1 Rd8 17. Nd5 Qb8 18. Bb6 Rd7 19. Ng3 Bd8 20. Bf2 Bxd5 21. exd5
Rc7 22. d4 Rxc1+ 23. Rxc1 Bb6 24. h4 Ke7 25. dxe5 Bxf2+ 26. Kxf2 dxe5 27. g5 e4
28. gxf6+ Kxf6 29. Qc3+ Qe5 30. Kg2 Re8 31. d6 e3 32. d7 Rd8 33. Nh5+ Kxf5 34.
Nxg7+ Kg4 1-0

[Event "Goldener Springer 2019"]
[Site "Frankfurt-Griesheim"]
[Date "2019.??.??"]
[Round "2"]
[White "du Maire, Jerome"]
[Black "Hahn, Florian"]
[Result "1/2-1/2"]
[WhiteElo "2148"]
[BlackElo "2173"]
[PlyCount "38"]
[EventDate "2019.??.??"]
[WhiteTeam "Frankfurter TV"]
[BlackTeam "SC Herborn"]

1. d4 Nf6 2. c4 g6 3. g3 Bg7 4. Bg2 d5 5. cxd5 Nxd5 6. Nf3 Nb6 7. Nc3 O-O 8.
O-O Nc6 9. e3 e5 10. d5 Ne7 11. e4 Bg4 12. h3 Bxf3 13. Qxf3 c6 14. Rd1 cxd5 15.
exd5 Nf5 16. d6 Nd4 17. Qxb7 Qxd6 18. Be3 Qe6 19. Qa6 Rab8 1/2-1/2

[Event "Goldener Springer 2019"]
[Site "Frankfurt-Griesheim"]
[Date "2019.??.??"]
[Round "2"]
[White "Schellen, Sven"]
[Black "Rondonuwu, Grover"]
[Result "0-1"]
[WhiteElo "1858"]
[BlackElo "2086"]
[PlyCount "66"]
[EventDate "2019.??.??"]
[WhiteTeam "SF Frankfurt"]
[BlackTeam "Frankfurter TV"]

1. d4 d5 2. c4 c6 3. Nf3 Nf6 4. g3 Bg4 5. Ne5 Bf5 6. Bg2 e6 7. Nc3 Nbd7 8. Nf3
h6 9. O-O Be7 10. Nd2 O-O 11. e4 dxe4 12. Ndxe4 Nxe4 13. Nxe4 Nf6 14. Nc3 Qc7
15. Be3 Rfd8 16. Qb3 Ng4 17. Bf4 Bd6 18. Bxd6 Rxd6 19. d5 exd5 20. cxd5 Rad8
21. Rac1 Qb6 22. Qxb6 axb6 23. dxc6 bxc6 24. b4 Ne5 25. Na4 Ra8 26. Nxb6 Rxa2
27. Rc5 f6 28. b5 cxb5 29. Bd5+ Rxd5 30. Nxd5 Bh3 31. Rb1 Nf3+ 32. Kh1 Rxf2 33.
Rg1 Rxh2# 0-1

[Event "Goldener Springer 2019"]
[Site "Frankfurt-Griesheim"]
[Date "2019.??.18"]
[Round "2"]
[White "Meyer, Marcel"]
[Black "Calvi, Stefan"]
[Result "1-0"]
[WhiteElo "1866"]
[BlackElo "2007"]
[PlyCount "51"]
[EventDate "2019.??.??"]
[WhiteTeam "SC Herborn"]
[BlackTeam "SF Frankfurt"]

1. d4 Nf6 2. c4 g6 3. Nc3 Bg7 4. e4 d6 5. Nf3 O-O 6. Be2 c5 7. O-O Nc6 8. d5
Na5 9. h3 e6 10. Be3 exd5 11. exd5 a6 12. Qd2 Re8 13. Bd3 Rb8 14. Rab1 b6 15.
b4 Nb7 16. b5 Na5 17. Bg5 axb5 18. Nxb5 Ba6 19. Rfe1 Rxe1+ 20. Nxe1 Qd7 21.
Nxd6 Qa4 22. Qf4 Nd7 23. Qxf7+ Kh8 24. Ne8 Bd4 25. Bf6+ Bxf6 26. Nxf6 1-0

[Event "Goldener Springer 2019"]
[Site "Frankfurt-Griesheim"]
[Date "2019.??.??"]
[Round "2"]
[White "John, Volkmar"]
[Black "Varma, Christopher"]
[Result "0-1"]
[WhiteElo "1688"]
[BlackElo "1814"]
[PlyCount "57"]
[EventDate "2019.??.??"]
[WhiteTeam "SC Herborn"]
[BlackTeam "SV Oberursel"]

1. Nf3 Nf6 2. c4 g6 3. b4 Bg7 4. Bb2 c5 5. bxc5 Qa5 6. e3 Qxc5 7. d4 Qb6 8. Qb3
Qc7 9. Bd3 O-O 10. O-O b6 11. Nbd2 Bb7 12. Rfc1 d6 13. Rab1 Nbd7 14. Ba3 Rab8
15. Qd1 Rfe8 16. Nb3 e5 17. dxe5 dxe5 18. Be2 Rbd8 19. Qf1 Ne4 20. Bb4 Ndc5 21.
Rd1 Na4 22. Rxd8 Rxd8 23. Rd1 Nac3 24. Rxd8+ Qxd8 25. a3 a5 26. Bxc3 Nxc3 27.
c5 a4 28. Nbd2 e4 29. Ne1 0-1

[Event "Goldener Springer 2019"]
[Site "Frankfurt-Griesheim"]
[Date "2019.??.??"]
[Round "2"]
[White "Eckert, Michael"]
[Black "Gerhard, Dominik"]
[Result "1/2-1/2"]
[WhiteElo "1536"]
[BlackElo "1785"]
[PlyCount "48"]
[EventDate "2019.??.??"]
[WhiteTeam "SK Herborn"]
[BlackTeam "SV Oberursel"]

1. c4 Nf6 2. Nf3 g6 3. b3 Bg7 4. Bb2 d6 5. Nc3 c5 6. e3 O-O 7. d4 Qa5 8. Be2
Nbd7 9. O-O e5 10. dxe5 dxe5 11. Qc2 Qc7 12. Rfd1 b6 13. Nb5 Qb8 14. Nd6 Bb7
15. Nxb7 Qxb7 16. Nxe5 Qc7 17. Nxd7 Nxd7 18. Bxg7 Kxg7 19. Bf3 Rad8 20. Bd5 Nf6
21. e4 Qe5 22. g3 g5 23. Qe2 Nxd5 24. cxd5 Rxd5 1/2-1/2

[Event "Goldener Springer 2019"]
[Site "Frankfurt-Griesheim"]
[Date "2019.??.??"]
[Round "2.20"]
[White "Mehlen, Theodor"]
[Black "Rabiya, Karim"]
[Result "1-0"]
[WhiteElo "1862"]
[BlackElo "1794"]
[PlyCount "71"]
[EventDate "2019.??.??"]
[WhiteTeam "SC Matt im Park"]
[BlackTeam "SK Niederbrechen"]

1. e4 Nf6 2. e5 Nd5 3. d4 d6 4. Nf3 Bg4 5. Be2 e6 6. O-O Be7 7. h3 Bh5 8. c4
Nb6 9. Nc3 O-O 10. b3 N8d7 11. exd6 cxd6 12. Be3 f5 13. Re1 e5 14. dxe5 dxe5
15. Nd5 f4 16. Bxb6 axb6 17. Nxe5 Nxe5 18. Nxe7+ Qxe7 19. Bxh5 Rad8 20. Qe2 Rf5
21. Bf3 Nxf3+ 22. Qxf3 Re5 23. Kf1 Re8 24. Rxe5 Qxe5 25. Qd5+ Qxd5 26. cxd5 Rd8
27. Rd1 Kf7 28. Ke2 Kf6 29. d6 Ke6 30. d7 g5 31. Kf3 h6 32. Kg4 b5 33. h4 gxh4
34. Kxf4 b4 35. Ke4 b5 36. f4 1-0

[Event "Goldener Springer 2019"]
[Site "Frankfurt-Griesheim"]
[Date "2019.??.??"]
[Round "2"]
[White "Markosyan, Aleksandr"]
[Black "Pham, Phuong Bao"]
[Result "0-1"]
[WhiteElo "1578"]
[BlackElo "1806"]
[PlyCount "74"]
[EventDate "2019.??.??"]
[WhiteTeam "SG Idstein"]
[BlackTeam "Frankfurter TV"]

1. e4 e5 2. Nf3 Nc6 3. Bb5 Nf6 4. d3 Bc5 5. O-O d6 6. c3 O-O 7. Nbd2 Bd7 8. Re1
a6 9. Ba4 b5 10. Bc2 Ng4 11. Re2 f5 12. exf5 Bxf5 13. h3 Nf6 14. Nf1 Bg6 15.
Ng3 Bb6 16. Be3 Bxe3 17. Rxe3 Nd5 18. Re1 Nf4 19. Ne4 Bh5 20. Kh2 Nxg2 21. Kxg2
Bxf3+ 22. Qxf3 Rxf3 23. Kxf3 Qh4 24. Bb3+ Kh8 25. Ke2 Rf8 26. Rh1 Ne7 27. Rag1
Qf4 28. Rf1 Ng6 29. Rfg1 Qf3+ 30. Kd2 Nf4 31. Bc2 d5 32. Ng3 Qxf2+ 33. Kd1 g5
34. a3 h5 35. d4 e4 36. Kc1 h4 37. Nf1 Ne2+ 0-1

[Event "Goldener Springer 2019"]
[Site "Frankfurt-Griesheim"]
[Date "2019.??.??"]
[Round "2"]
[White "Adamczyk, Matthias"]
[Black "Kuhn, Gerhard"]
[Result "0-1"]
[WhiteElo "2026"]
[BlackElo "1948"]
[PlyCount "84"]
[EventDate "2019.??.??"]
[WhiteTeam "SC Weiterstadt"]
[BlackTeam "SK Marburg"]

1. d4 Nf6 2. g3 g6 3. Bg2 d5 4. Bg5 Bg7 5. Nd2 h6 6. Bf4 Nc6 7. Ngf3 g5 8. Be5
Nxe5 9. Nxe5 Ng4 10. Ndf3 Qd6 11. Nxg4 Bxg4 12. O-O c6 13. Qd3 Bh5 14. Rfe1 Bg6
15. Qb3 O-O-O 16. e3 Be4 17. c4 e6 18. a4 dxc4 19. Qxc4 Qd5 20. Qe2 Bf6 21.
Rec1 Qd6 22. Qe1 h5 23. Qa5 Kb8 24. Nxg5 Bxg2 25. Nxf7 Qd7 26. Nxh8 Be4 27.
Qxh5 Rxh8 28. Qg4 Bf5 29. Qf4+ Qc7 30. Qf3 Qh7 31. h4 Qg6 32. Kf1 Be4 33. Qf4+
Ka8 34. Rc5 Bd3+ 35. Ke1 Be7 36. Qe5 Rf8 37. Rd1 Ba6 38. h5 Qg4 39. Rd2 Qf3 40.
Rdc2 Bxc5 41. dxc5 Rd8 42. Rd2 Qh1# 0-1

[Event "Goldener Springer 2019"]
[Site "Frankfurt-Griesheim"]
[Date "2019.??.??"]
[Round "3"]
[White "Klundt, Klaus"]
[Black "Shashkin, Igor"]
[Result "0-1"]
[WhiteElo "2309"]
[BlackElo "2077"]
[PlyCount "96"]
[EventDate "2019.??.??"]
[WhiteTeam "SC Heusenstamm"]
[BlackTeam "SV Oberursel"]

1. e4 c5 2. Nf3 Nc6 3. d4 cxd4 4. Nxd4 Nf6 5. Nc3 d6 6. Be2 g6 7. O-O Bg7 8.
Be3 O-O 9. Nb3 Be6 10. f4 Na5 11. Nxa5 Qxa5 12. Qd2 Rfc8 13. Bf3 Rc4 14. Kh1
Rac8 15. Rae1 b5 16. f5 Bd7 17. Bh6 b4 18. Nd5 Nxd5 19. Bxg7 Kxg7 20. exd5 Bxf5
21. Rxe7 R8c7 22. Rxc7 Qxc7 23. b3 Rxc2 24. Qxb4 Qc5 25. Qxc5 Rxc5 26. g4 Bd3
27. Rd1 Rc3 28. Rd2 Kf6 29. Kg2 Ke5 30. Kf2 Kf4 31. h3 f5 32. gxf5 gxf5 33. Bd1
Be4 34. h4 Rh3 35. h5 Rh2+ 36. Ke1 Rh1+ 37. Ke2 Rh2+ 38. Ke1 Rxd2 39. Kxd2 Bxd5
40. a4 Kg3 41. Ke3 f4+ 42. Kd4 Bb7 43. b4 f3 44. b5 f2 45. Be2 Kg2 46. a5 f1=Q
47. Bxf1+ Kxf1 48. a6 Bf3 0-1

[Event "Goldener Springer 2019"]
[Site "Frankfurt-Griesheim"]
[Date "2019.??.??"]
[Round "3"]
[White "Engel, Jan"]
[Black "Zuyev, Igor"]
[Result "0-1"]
[WhiteElo "1860"]
[BlackElo "2441"]
[PlyCount "46"]
[EventDate "2019.??.??"]
[WhiteTeam "Frankfurter TV"]
[BlackTeam "SC Heusenstamm"]

1. e4 c5 2. Nf3 g6 3. d4 cxd4 4. Nxd4 Nc6 5. c4 Nf6 6. Nc3 d6 7. Be2 Nxd4 8.
Qxd4 Bg7 9. Be3 O-O 10. Qd2 Be6 11. f4 Rc8 12. O-O Bxc4 13. Bxc4 Rxc4 14. Qd3
Ng4 15. Qxc4 Nxe3 16. Qd3 Nxf1 17. Kxf1 e6 18. Rd1 Qb6 19. Rd2 Rc8 20. Ke2 Qg1
21. Qxd6 Qxg2+ 22. Kd1 Qf3+ 23. Kc1 Bxc3 0-1

[Event "Goldener Springer 2019"]
[Site "Frankfurt-Griesheim"]
[Date "2019.??.??"]
[Round "3"]
[White "Henrich, David"]
[Black "Bakiev, Diyor"]
[Result "1-0"]
[WhiteElo "2178"]
[BlackElo "1918"]
[PlyCount "129"]
[EventDate "2019.??.??"]
[WhiteTeam "Frankfurter TV"]
[BlackTeam "SV Ffm-Griesheim"]

1. c4 e5 2. Nc3 Nf6 3. Nf3 Nc6 4. g3 Bc5 5. d3 d6 6. Bg2 O-O 7. O-O a6 8. Bg5
h6 9. Bh4 Nd4 10. Bxf6 Qxf6 11. Ne4 Qe7 12. Nxc5 dxc5 13. Nxd4 cxd4 14. Qd2 c6
15. Rae1 Bf5 16. e4 Bd7 17. f4 exf4 18. gxf4 Rae8 19. f5 Qg5 20. Qb4 Bc8 21.
Rf3 Qf6 22. Rg3 Re5 23. Kh1 c5 24. Qd2 Kh8 25. Rg1 Rg8 26. Bf3 b5 27. b3 Bb7
28. Rh3 Rge8 29. Qg2 b4 30. Rg3 Rg8 31. Qh3 a5 32. Rg4 Kh7 33. Rf4 Rge8 34.
Rgg4 Rg8 35. Qg2 Rge8 36. Rg3 Rg8 37. Bh5 Kh8 38. Qf3 Ba8 39. Rh3 Bb7 40. Rg3
Ba8 41. Bg4 Bb7 42. Bh3 Ba8 43. Bg2 Bb7 44. Rh3 Kh7 45. Rh5 Ba8 46. Rfh4 Bb7
47. Qf4 Ba8 48. Rh3 Bb7 49. R5h4 Rge8 50. Kg1 Ba8 51. Rg3 Bb7 52. Bf3 Ba8 53.
Rhg4 Rg8 54. Rg2 Bb7 55. R4g3 Ba8 56. Bh5 Kh8 57. Rh3 Rge8 58. Bg6 fxg6 59.
Rxg6 Qf8 60. f6 R5e7 61. fxg7+ Rxg7 62. Qxh6+ Kg8 63. Qh7+ Kf7 64. Rf3+ Ke7 65.
Rxg7+ 1-0

[Event "Goldener Springer 2019"]
[Site "Frankfurt-Griesheim"]
[Date "2019.??.??"]
[Round "3"]
[White "Stock, Juergen"]
[Black "Weiland, Thomas"]
[Result "1-0"]
[WhiteElo "1942"]
[BlackElo "1800"]
[PlyCount "85"]
[EventDate "2019.??.??"]
[WhiteTeam "Sfr. Kelkheim"]
[BlackTeam "SV Oberursel"]

1. d4 f5 2. h3 d6 3. g4 e6 4. Nf3 Be7 5. Nc3 Nf6 6. gxf5 exf5 7. Qd3 d5 8. Bf4
Ne4 9. Ne5 c6 10. Qf3 g6 11. O-O-O Na6 12. Nxe4 dxe4 13. Qb3 Qd5 14. c4 Qg8 15.
d5 Nc5 16. Qc2 cxd5 17. b4 Ne6 18. Qa4+ Kf8 19. Bh6+ Ng7 20. cxd5 Bf6 21. Nc4
Qf7 22. e3 Bd7 23. b5 Qe7 24. Kb1 Qc5 25. Qa3 Qxa3 26. Nxa3 Kf7 27. Bc4 g5 28.
Rhg1 g4 29. hxg4 fxg4 30. Be2 Rhg8 31. Bxg4 Bxg4 32. Rxg4 Nf5 33. Rxg8 Rxg8 34.
Bf4 Rc8 35. Nc2 Rc4 36. d6 Ke8 37. Rd5 Ng7 38. d7+ Kd8 39. Nd4 Rb4+ 40. Kc2
Rc4+ 41. Kb3 Rc1 42. Bh6 Bxd4 43. Bg5+ 1-0

[Event "Goldener Springer 2019"]
[Site "Frankfurt-Griesheim"]
[Date "2019.??.??"]
[Round "3"]
[White "Rutsatz, Mario"]
[Black "Stuhlmann, Florian"]
[Result "0-1"]
[WhiteElo "2017"]
[BlackElo "1851"]
[PlyCount "68"]
[EventDate "2019.??.??"]
[WhiteTeam "SF Frankfurt"]
[BlackTeam "SC Lindenholzhausen"]

1. c4 e5 2. g3 Nf6 3. Bg2 c6 4. d4 exd4 5. Qxd4 Bb4+ 6. Nc3 Na6 7. Nf3 O-O 8.
O-O Re8 9. Bg5 Be7 10. Qd2 d6 11. Rad1 Be6 12. b3 Nc5 13. Nd4 Qb6 14. Nxe6 fxe6
15. e4 Rad8 16. Qe2 Qc7 17. Bh3 Bf8 18. b4 Ncd7 19. Bf4 b6 20. a3 h6 21. Bc1 d5
22. cxd5 exd5 23. Qc2 dxe4 24. Nb5 Qb7 25. Nd6 Bxd6 26. Rxd6 Ne5 27. Rfd1 Rxd6
28. Rxd6 c5 29. Bxh6 Nf3+ 30. Kf1 Qa6+ 31. Qe2 Qxe2+ 32. Kxe2 Ng1+ 33. Kd2 Nxh3
34. bxc5 e3+ 0-1

[Event "Goldener Springer 2019"]
[Site "Frankfurt-Griesheim"]
[Date "2019.??.??"]
[Round "3"]
[White "Rondonuwu, Grover"]
[Black "Keller, Peter"]
[Result "1-0"]
[WhiteElo "2086"]
[BlackElo "2193"]
[Annotator "Lotz,Kolja Alecsander"]
[PlyCount "72"]
[EventDate "2019.??.??"]
[WhiteTeam "Frankfurter TV"]
[BlackTeam "Frankfurter TV"]

1. d4 d5 2. c4 e6 3. Nc3 Nf6 4. cxd5 exd5 5. Bg5 c6 6. Qc2 Be7 7. e3 Bg4 8. Bd3
Bh5 9. Nge2 Nbd7 10. O-O Bg6 11. Nf4 Bxd3 12. Nxd3 O-O 13. b4 a6 14. Rfc1 Nb6
15. a4 Nc4 16. a5 Ne8 17. Bf4 Bd6 18. Bxd6 Nexd6 19. Nc5 Qe7 20. Re1 f5 21. Re2
Rae8 22. Rae1 Ne4 23. N3a4 Nxc5 24. Nxc5 Nd6 25. Nd3 Qf6 26. Ne5 Re7 27. Qb3
Rfe8 28. f4 h6 29. Rc1 Re6 30. h3 Qh4 31. Qc3 R8e7 32. Qe1 Qf6 33. Rec2 g5 34.
Qf2 Rg7 35. Rf1 g4 36. hxg4 fxg4 {Zeitüberschreitung} 1-0

[Event "Goldener Springer 2019"]
[Site "Frankfurt-Griesheim"]
[Date "2019.??.??"]
[Round "3"]
[White "Poetsch, Hagen"]
[Black "Kolker, Vladislav"]
[Result "1-0"]
[WhiteElo "2510"]
[BlackElo "2010"]
[PlyCount "77"]
[EventDate "2019.??.??"]
[WhiteTeam "SC Heusenstamm"]
[BlackTeam "SC Bad Nauheim"]

1. e4 e5 2. Nf3 Nc6 3. Bc4 Nf6 4. Ng5 d5 5. exd5 Na5 6. Bb5+ c6 7. dxc6 bxc6 8.
Bd3 Nd5 9. Nf3 Bd6 10. O-O O-O 11. Re1 Qc7 12. Bf1 Bg4 13. h3 Bh5 14. d3 f5 15.
Nbd2 Rae8 16. c3 Nf4 17. b4 Nb7 18. Nc4 e4 19. Nxd6 Qxd6 20. Bxf4 Qxf4 21. Qd2
Qd6 22. dxe4 Bxf3 23. Qxd6 Nxd6 24. gxf3 fxe4 25. fxe4 Nxe4 26. Re3 Ng5 27.
Rxe8 Rxe8 28. Bg2 Rc8 29. Rd1 Rc7 30. Rd6 c5 31. b5 Kf8 32. a4 Ke7 33. Ra6 Nf7
34. a5 Nd8 35. Be4 g6 36. b6 axb6 37. axb6 Rd7 38. Ra7 Kd6 39. b7 1-0

[Event "Goldener Springer 2019"]
[Site "Frankfurt-Griesheim"]
[Date "2019.??.??"]
[Round "3"]
[White "Hahn, Florian"]
[Black "Hoehn, Michael"]
[Result "1/2-1/2"]
[WhiteElo "2173"]
[BlackElo "2012"]
[PlyCount "32"]
[EventDate "2019.??.??"]
[WhiteTeam "SC Herborn"]
[BlackTeam "VSG Offenbach"]

1. Nf3 Nf6 2. c4 g6 3. b3 Bg7 4. Bb2 O-O 5. g3 c6 6. Bg2 d5 7. O-O a5 8. Nc3
Ne4 9. Na4 b5 10. Bxg7 Kxg7 11. cxb5 cxb5 12. Nb2 Qb6 13. Rc1 Bb7 14. d3 Nf6
15. d4 Nbd7 16. Nd3 Rac8 1/2-1/2

[Event "Goldener Springer 2019"]
[Site "Frankfurt-Griesheim"]
[Date "2019.??.??"]
[Round "3"]
[White "Hankel, Dennis"]
[Black "Nagelsdiek, Ralf"]
[Result "1/2-1/2"]
[WhiteElo "2118"]
[BlackElo "2021"]
[PlyCount "81"]
[EventDate "2019.??.??"]
[WhiteTeam "SF Neuberg"]
[BlackTeam "SK Bad Homburg"]

1. d4 Nf6 2. Bf4 e6 3. e3 b6 4. Nd2 Bb7 5. Ngf3 Be7 6. h3 d6 7. c3 O-O 8. Bh2
c5 9. Bd3 Nc6 10. O-O d5 11. Qe2 a5 12. Rad1 Qc8 13. dxc5 bxc5 14. e4 Ba6 15.
exd5 Bxd3 16. Qxd3 exd5 17. Rfe1 Rd8 18. Ne5 Bd6 19. Ndf3 h6 20. Bg3 Nxe5 21.
Bxe5 Bxe5 22. Rxe5 Qb7 23. Re2 a4 24. Qc2 c4 25. a3 Ne4 26. Nd4 Qd7 27. Rde1
Re8 28. f3 Nc5 29. Qf5 Rxe2 30. Rxe2 Qxf5 31. Nxf5 Kf8 32. Re5 Nd3 33. Rxd5
Nxb2 34. Rd7 Rb8 35. Kf2 g6 36. Nd6 Rb3 37. Rxf7+ Kg8 38. Rd7 Rxa3 39. Ne4 Ra1
40. Nf6+ Kf8 41. Nh7+ 1/2-1/2

[Event "Goldener Springer 2019"]
[Site "Frankfurt-Griesheim"]
[Date "2019.??.??"]
[Round "3"]
[White "Emig, Nils"]
[Black "Olesiak, Marcin"]
[Result "0-1"]
[WhiteElo "1744"]
[BlackElo "2033"]
[PlyCount "80"]
[EventDate "2019.??.??"]
[WhiteTeam "SK Marburg"]
[BlackTeam "SV Oberursel"]

1. e4 c5 2. Nf3 d6 3. d4 cxd4 4. Nxd4 Nf6 5. Nc3 a6 6. Bg5 e6 7. Qf3 Be7 8.
O-O-O Nbd7 9. Qg3 Qc7 10. f4 h6 11. Bh4 g5 12. fxg5 Rg8 13. Qe1 hxg5 14. Bg3
Ne5 15. Be2 Bd7 16. h3 Rc8 17. Nf3 Nxe4 18. Nxe5 dxe5 19. Rxd7 Kxd7 20. Qd1+
Nd6 21. Bxe5 Qa5 22. Bxd6 Bxd6 23. Ne4 Qe5 24. Rf1 f5 25. Nd2 b5 26. g4 f4 27.
Rf3 Rc7 28. Rd3 Rgc8 29. c3 Ke7 30. Nf3 Qc5 31. Kb1 b4 32. Nxg5 bxc3 33. bxc3
Rb8+ 34. Ka1 Qa3 35. Qc2 Rcb7 36. Rd1 Qb2+ 37. Qxb2 Rxb2 38. h4 Be5 39. Ne4 Rc2
40. Bd3 Rxc3 0-1

[Event "Goldener Springer 2019"]
[Site "Frankfurt-Griesheim"]
[Date "2019.??.??"]
[Round "3"]
[White "Hebauf, Markus"]
[Black "Mehlen, Theodor"]
[Result "0-1"]
[WhiteElo "1574"]
[BlackElo "1862"]
[PlyCount "46"]
[EventDate "2019.??.??"]
[WhiteTeam "Kelkheim"]
[BlackTeam "SC Matt im Park"]

1. e4 e6 2. Nf3 d5 3. exd5 exd5 4. Qe2+ Be7 5. d4 Nf6 6. Nc3 O-O 7. Bd2 Re8 8.
O-O-O Bd6 9. Qd3 c6 10. h3 Ne4 11. Re1 Nxf2 12. Rxe8+ Qxe8 13. Qe2 Qxe2 14.
Nxe2 Nxh1 15. Be1 Bf5 16. g4 Be4 17. Bg2 Na6 18. Bxh1 Re8 19. Kd2 h6 20. a3 Nc7
21. c3 Ne6 22. Ng3 Bf4+ 23. Ke2 Ng5 0-1